Sus mejores prosas

Saved in:
書目詳細資料
主要作者: Tellez, Hernando (Author)
格式: 圖書
語言:西班牙语
出版: Bogotá Compañía Grancolombiana 1950
叢編:Biblioteca Básica de Cultura Colombiana
主題:
標簽: 添加標簽
沒有標簽, 成為第一個標記此記錄!

MARC

LEADER 00000nam a2200000 a 4500
001 UCQ6838
003 CL-VaPUC
008 981023e19500000CK |||||||||||||||||spa|d
082 0 4 |a Co863  |b TEL  |2 21 
100 0 |a Tellez, Hernando  |e author  |9 374293 
245 1 0 |a Sus mejores prosas 
300 |a 115 p 
942 |c BK 
945 |d 19981023 00:00:00  |a crobeson 
260 |a Bogotá  |b Compañía Grancolombiana  |c 1950 
650 7 |a PROSAS COLOMBIANAS  |2 CL-VaPUC  |9 420774 
650 0 |a Literatura colombiana   |9 315578 
583 |a last modification  |c 19981023 00:00:00  |k Rodrigo Vera 
490 0 |a Biblioteca Básica de Cultura Colombiana 
999 |c 276742  |d 276740 
952 |0 0  |1 0  |4 0  |6 CO_863_000000000000000_TEL_1950  |7 0  |8 A  |9 314186  |a BIBEDU  |b BIBEDU  |d 2019-11-20  |i 1484273  |l 1  |o Co863 TEL 1950  |p 1484273  |r 2024-11-27  |s 2024-11-20  |w 2019-11-20  |y BK  |k LIT